| 000 | 00343nam a22001337a 4500 | ||
|---|---|---|---|
| 999 |
_c535382 _d535382 |
||
| 020 | _a978-1630571191 | ||
| 040 | _cMSOHAIL | ||
| 082 |
_a729.028 _bMUC |
||
| 100 |
_aDean Muccio _929914 |
||
| 245 |
_aAutoCAD 2018 for the Interior Designer: _bAutoCAD for Mac and PC |
||
| 260 |
_b SDC Publications _c2017 |
||
| 300 | _a450;p | ||
| 942 |
_2ddc _cBK |
||